000 00224nmm a2200085Ia 4500
008 220120s9999||||xx |||||||||||||||||und||
100 _aChip
245 0 _aPower tools pack, adobe photoshop cs6 13.0
260 _aInfomedia18
_c2012
999 _c139791
_d139791